000
00204 a2200097 4500
001
28982
100
_a
Shames I.H
245
_a
Mechanics of fluids
260
_a
_b
McGraw-Hill
_c
090
_c
19373
_d
19373
942
_a
NUST-CAE
_c
M
_c
10417
999
_c
264055
_d
264055